00000000nam 2200000za 4500
0019.846873
003CaOODSP
00520241203113640
007cr |||||||||||
008171109s1983    onca|||fo    f000 0 eng d
040 |aCaOODSP|beng
041 |aeng|bfre
043 |an-cn---
0861 |aEn13-5/83-15E-PDF
1001 |aEngel, Peter, |d1938-
24514|aThe effect of transverse velocity gradients on the performance of the Price current meter |h[electronic resource] / |cby Peter Engel.
260 |aBurlington, Ont. : |bEnvironmental Hydraulics Section, Hydraulics Division, National Water Research Institute,|c1983.
300 |avi, 16, [12] p. : |bill.
4901 |aNWRI ; |v83-15
500 |aCover title.
500 |a"September, 1983".
500 |a"Study 83-306".
500 |aDigitized edition from print [produced by Environment and Climate Change Canada].
504 |aIncludes bibliographical references.
520 |a"Theoretical analysis and experimental data are used to develop mathematical model of the response of the Price meter rotor to a flow with a transverse velocity gradient. Application of the model showed that the Price meter over-registers when velocity gradients are positive and under-registers when such gradients are negative. In some cases, the error in a velocity measurement can be of the order of several percent. Some recommendations to reduce the effect of velocity gradients are made"--Summary, p. i.
546 |aIncludes abstracts in French.
69207|2gccst|aHydrology
69207|2gccst|aTooling
69207|2gccst|aModelling
7101 |aCanada. |bEnvironment Canada.
7102 |aNational Water Research Institute (Canada)
830#0|aNWRI contribution ;|vno. 83-15|w(CaOODSP)9.844121
85640|qPDF|s1.60 MB|uhttps://publications.gc.ca/collections/collection_2017/eccc/En13-5-83-15-eng.pdf